000
00191 a2200097 4500
001
11032
100
_a
Aib Awan
245
_a
Baluchistan
260
_a
_b
New Century
_c
090
_c
8598
_d
8598
942
_a
NUST-CAE
_c
M
_c
35375
999
_c
246105
_d
246105